000
00290nam a2200109Ia 4500
008
230907s9999||||xx |||||||||||||| ||und||
082
_a
747.852
_b
PIO
100
_a
Piotrowski, Christine M.,
_9
33336
245
0
_a
Designing Commercial Interiors /
300
_a
xvii, 556 pages :
942
_c
BK
999
_c
600668
_d
600668